[Event "SR 1. liga zapad 2013/2014"]
[Site "?"]
[Date "2014.03.01"]
[Round "43.1"]
[White "Likavsky, Tomas"]
[Black "Smolen, Jan"]
[Result "0-1"]
[WhiteElo "2453"]
[BlackElo "2384"]
[PlyCount "96"]
[EventDate "2013.??.??"]
[WhiteTeam "Lokomotiva Trnava"]
[BlackTeam "SK Strelec Devinska Nova Ves"]

1. d4 d5 2. c4 c6 3. Nf3 Nf6 4. e3 Bg4 5. h3 Bh5 6. Nc3 e6 7. g4 Bg6 8. Ne5
Nbd7 9. Nxg6 hxg6 10. Bd2 g5 11. Qb3 Qb6 12. Bg2 O-O-O 13. c5 Qxb3 14. axb3 a6
15. f4 gxf4 16. exf4 g6 17. Ke2 Bg7 18. b4 Ne8 19. Be3 f6 20. Raf1 Nc7 21. h4
e5 22. Kd3 Ne6 23. Ne2 Rh7 24. h5 gxh5 25. Rxh5 Rxh5 26. gxh5 e4+ 27. Kc3 Bh6
28. Bh3 Ng7 29. Rg1 Rh8 30. Ng3 Kd8 31. Bg4 Nf8 32. Nf5 Nxf5 33. Bxf5 Ke7 34.
Rg4 Ne6 35. Bg6 Rf8 36. Kd2 f5 37. Rh4 Kf6 38. Ke2 Rg8 39. Kf2 Ra8 40. Bd2 Nf8
41. Rh1 Nxg6 42. hxg6 Kxg6 43. Ke3 Rh8 44. Kf2 Bg7 45. Rxh8 Bxh8 46. Bc3 Kh5
47. Kg3 Bf6 48. Kh3 Bh4 0-1

[Event "SR 1. liga zapad 2013/2014"]
[Site "?"]
[Date "2014.03.01"]
[Round "43.2"]
[White "Peitl, Tomas"]
[Black "Lanc, Alois"]
[Result "0-1"]
[WhiteElo "2207"]
[BlackElo "2355"]
[PlyCount "90"]
[EventDate "2013.??.??"]
[WhiteTeam "SK Strelec Devinska Nova Ves"]
[BlackTeam "Lokomotiva Trnava"]

1. e4 e5 2. Nf3 Nc6 3. Bb5 a6 4. Ba4 Nf6 5. O-O Be7 6. Re1 b5 7. Bb3 d6 8. c3
O-O 9. h3 Nb8 10. d4 Nbd7 11. Nbd2 Bb7 12. Bc2 Re8 13. Nf1 Bf8 14. Ng3 g6 15.
a4 Bg7 16. d5 Nc5 17. b4 Nxa4 18. Bxa4 bxa4 19. Qxa4 Rc8 20. Nd2 c6 21. c4 cxd5
22. cxd5 Bh6 23. Nc4 Bxc1 24. Rexc1 h5 25. f3 h4 26. Ne2 Nh5 27. Qa5 f5 28.
Qxd8 Rexd8 29. Na5 Rxc1+ 30. Rxc1 Rd7 31. Kf2 Nf6 32. Ke3 Kf8 33. Rc4 Ke8 34.
Nc3 fxe4 35. fxe4 Nh5 36. Na4 Nf4 37. Nb6 Rf7 38. Rc2 Kf8 39. Rb2 Rc7 40. Kf3
Kg7 41. Nbc4 Bc8 42. Nc6 Bd7 43. Nxd6 Bxc6 44. Rc2 Nxd5 45. Rc5 Nf6 0-1

[Event "SR 1. liga zapad 2013/2014"]
[Site "?"]
[Date "2014.03.01"]
[Round "43.3"]
[White "Banas, Jan"]
[Black "Sosovicka, Juraj"]
[Result "1/2-1/2"]
[WhiteElo "2293"]
[BlackElo "2188"]
[PlyCount "31"]
[EventDate "2013.??.??"]
[WhiteTeam "Lokomotiva Trnava"]
[BlackTeam "SK Strelec Devinska Nova Ves"]

1. Nf3 d5 2. g3 c6 3. Bg2 Bg4 4. O-O Nd7 5. d4 Ngf6 6. Nbd2 e6 7. Re1 Bd6 8. e4
dxe4 9. Nxe4 Nxe4 10. Rxe4 Bf5 11. Re1 O-O 12. c3 h6 13. Qb3 Qb6 14. Be3 Qxb3
15. axb3 a6 16. Nd2 1/2-1/2

[Event "SR 1. liga zapad 2013/2014"]
[Site "?"]
[Date "2014.03.01"]
[Round "43.4"]
[White "Kolesar, Milan"]
[Black "Vass, Frantisek"]
[Result "0-1"]
[WhiteElo "2161"]
[BlackElo "2283"]
[PlyCount "124"]
[EventDate "2013.??.??"]
[WhiteTeam "SK Strelec Devinska Nova Ves"]
[BlackTeam "Lokomotiva Trnava"]

1. Nf3 d5 2. d4 Nf6 3. c4 c6 4. cxd5 cxd5 5. Nc3 Nc6 6. Bf4 Bf5 7. e3 Qb6 8.
Bb5 e6 9. Qa4 Be7 10. Ne5 Rc8 11. O-O O-O 12. Bxc6 bxc6 13. Qb3 Qa6 14. Qa4 Qb6
15. Qb3 c5 16. dxc5 Bxc5 17. Qxb6 Bxb6 18. Na4 Ba5 19. Rfc1 Bc2 20. Nc3 Bxc3
21. Rxc2 Bxe5 22. Rxc8 Rxc8 23. Bxe5 Rc2 24. f3 Nd7 25. Bd4 e5 26. Bc3 f6 27.
Rd1 Nb6 28. Rd2 Rc1+ 29. Kf2 Kf7 30. g4 Ke6 31. h4 Nc4 32. Re2 Kd7 33. h5 Kc6
34. f4 Kc5 35. Kf3 d4 36. exd4+ exd4 37. Be1 d3 38. Re4 d2 39. Rxc4+ Kxc4 40.
Bxd2 Ra1 41. Ke4 Rxa2 42. Bc3 Ra6 43. Kf5 Kd5 44. g5 fxg5 45. Kxg5 g6 46. f5
gxf5 47. Kxf5 Re6 48. Bg7 a5 49. Bc3 a4 50. Bg7 Rc6 51. Bh8 Re6 52. Bg7 Kd6 53.
Bc3 Ke7 54. Be5 Rb6 55. Bc3 Rb5+ 56. Kg4 Ke6 57. Bh8 Rd5 58. Bg7 Rc5 59. Bh8
Rc8 60. Bg7 Rg8 61. h6 Kf7 62. Kf5 Rxg7 0-1

[Event "SR 1. liga zapad 2013/2014"]
[Site "?"]
[Date "2014.03.01"]
[Round "43.5"]
[White "Felcir, Jaroslav"]
[Black "Sosovicka, Matej"]
[Result "0-1"]
[WhiteElo "2178"]
[BlackElo "2098"]
[PlyCount "62"]
[EventDate "2013.??.??"]
[WhiteTeam "Lokomotiva Trnava"]
[BlackTeam "SK Strelec Devinska Nova Ves"]

1. e4 c5 2. Nf3 d6 3. c4 e5 4. Nc3 Nc6 5. Be2 Be7 6. d3 f5 7. Nd2 Nf6 8. Bf3
O-O 9. exf5 Bxf5 10. Nde4 Rb8 11. O-O Nd4 12. Nxf6+ Bxf6 13. Bd5+ Kh8 14. Be3
Ne6 15. Be4 g6 16. Qd2 Bg5 17. Bxg5 Qxg5 18. Qxg5 Nxg5 19. Bxf5 gxf5 20. f4
exf4 21. Rxf4 Ne6 22. Rf2 Nd4 23. Ne2 Nc2 24. Rd1 Rbe8 25. Rd2 Ne3 26. Nf4 Re5
27. d4 Re4 28. dxc5 Nxc4 29. Rc2 Re1+ 30. Rf1 Rxf1+ 31. Kxf1 Ne3+ 0-1

[Event "SR 1. liga zapad 2013/2014"]
[Site "?"]
[Date "2014.03.01"]
[Round "43.6"]
[White "Machalova, Maria"]
[Black "Lukac, Roman"]
[Result "1-0"]
[WhiteElo "2091"]
[BlackElo "2110"]
[PlyCount "81"]
[EventDate "2013.??.??"]
[WhiteTeam "SK Strelec Devinska Nova Ves"]
[BlackTeam "Lokomotiva Trnava"]

1. c4 e5 2. Nc3 Nf6 3. g3 Nc6 4. Bg2 Bc5 5. e3 d6 6. Nge2 a5 7. O-O O-O 8. h3
Ba7 9. d4 Bd7 10. Kh2 Ne8 11. f4 exd4 12. exd4 f5 13. b3 Nf6 14. Bb2 Re8 15. a3
Qe7 16. Rf3 Qf7 17. Rd3 Qh5 18. Bf3 Qh6 19. Kg2 Rac8 20. Nd5 Ne4 21. Qc2 Ne7
22. Nxe7+ Rxe7 23. b4 c6 24. bxa5 Rce8 25. Rf1 Bc8 26. a4 Nf6 27. d5 Ng4 28.
Bc1 Kh8 29. dxc6 bxc6 30. Nd4 Ne3+ 31. Bxe3 Rxe3 32. Rxe3 Rxe3 33. Nxf5 Qe6 34.
Nxe3 Qxh3+ 35. Kf2 Qh2+ 36. Bg2 Bh3 37. Qe4 h6 38. Qe8+ Kh7 39. Qe4+ Kh8 40.
Rg1 Bc5 41. a6 1-0

[Event "SR 1. liga zapad 2013/2014"]
[Site "?"]
[Date "2014.03.01"]
[Round "43.7"]
[White "Szitkey, Milan"]
[Black "Oprea, Erik"]
[Result "0-1"]
[WhiteElo "2149"]
[BlackElo "2130"]
[PlyCount "72"]
[EventDate "2013.??.??"]
[WhiteTeam "Lokomotiva Trnava"]
[BlackTeam "SK Strelec Devinska Nova Ves"]

1. e4 d6 2. d4 c6 3. Nc3 Nd7 4. Nf3 e5 5. g3 Be7 6. Bg2 Ngf6 7. O-O O-O 8. a4
Qc7 9. Qe2 Re8 10. h3 Bf8 11. dxe5 dxe5 12. b3 a5 13. Bb2 b6 14. Rad1 Ba6 15.
Qe3 Bxf1 16. Bxf1 Rad8 17. Nh4 Nc5 18. Re1 Ne6 19. Nf5 Bc5 20. Qc1 Nd4 21. Bc4
Nxf5 22. exf5 Qd7 23. g4 h5 24. Rd1 Bd4 25. Qg5 hxg4 26. hxg4 Bxf2+ 27. Kg2 Bd4
28. Qh4 c5 29. Rh1 Kf8 30. Qh8+ Ke7 31. Qxg7 Qc6+ 32. Kg3 Rf8 33. Rh6 Bxc3 34.
Bxc3 Rd1 35. Bxe5 Rg1+ 36. Kf4 Qe4+ 0-1

[Event "SR 1. liga zapad 2013/2014"]
[Site "?"]
[Date "2014.03.01"]
[Round "43.8"]
[White "Hricak, Vasil"]
[Black "Kavon, Rastislav"]
[Result "1/2-1/2"]
[WhiteElo "2118"]
[BlackElo "2026"]
[PlyCount "126"]
[EventDate "2013.??.??"]
[WhiteTeam "SK Strelec Devinska Nova Ves"]
[BlackTeam "Lokomotiva Trnava"]

1. e4 e5 2. Nf3 Nc6 3. d4 exd4 4. Bc4 Nf6 5. O-O d6 6. Nxd4 Be7 7. Nc3 O-O 8.
h3 Ne5 9. Be2 c5 10. Nf3 Ng6 11. Be3 Be6 12. Nh2 d5 13. exd5 Nxd5 14. Nxd5 Bxd5
15. Bf3 Bxf3 16. Nxf3 Qc7 17. Qe2 Rad8 18. Rad1 Bf6 19. c4 Rfe8 20. Qc2 b6 21.
b3 Nf4 22. Rxd8 Rxd8 23. Bxf4 Qxf4 24. Rd1 Rxd1+ 25. Qxd1 g6 26. Qd2 Qe4 27.
Qe1 Qc2 28. Qd2 Qb1+ 29. Kh2 Kg7 30. Qe2 Qa1 31. Ne1 a6 32. Nd3 Qd4 33. g3 b5
34. Qe3 bxc4 35. Qxd4 Bxd4 36. bxc4 Kf6 37. Kg2 Ke6 38. Kf3 Kd6 39. g4 Bf6 40.
Ke4 Bc3 41. f4 f6 42. f5 g5 43. Nf2 Bd4 44. Nd3 Bc3 45. Nc1 Bb2 46. Ne2 Be5 47.
Ng1 Bd4 48. Nf3 Bc3 49. Kd3 Ba5 50. Ke4 Bc3 51. Kd3 Ba5 52. Ke4 Bc3 53. h4 h6
54. hxg5 hxg5 55. Kd3 Ba5 56. a3 Kc6 57. Ng1 Bc7 58. Ke4 Be5 59. Ne2 Kd6 60.
Ng1 Bb2 61. a4 Kc6 62. Nf3 Bc3 63. Kd3 Ba5 1/2-1/2

[Event "SR 1. liga zapad 2013/2014"]
[Site "?"]
[Date "2014.03.01"]
[Round "44.1"]
[White "Pagerka, Martin"]
[Black "Federic, Jozef"]
[Result "0-1"]
[WhiteElo "2224"]
[BlackElo "2269"]
[Annotator "rastík"]
[PlyCount "58"]
[EventDate "2013.??.??"]
[WhiteTeam "SK Osuske"]
[BlackTeam "SK Modra"]

1. e4 c5 2. Nf3 e6 3. c4 Nc6 4. d4 cxd4 5. Nxd4 Nf6 6. Nc3 Bb4 7. Nxc6 bxc6 8.
e5 Ne4 9. Qd4 Qa5 10. a3 Nxf2 11. axb4 Qxa1 12. Qd2 Nxh1 13. Ne4 f6 14. exf6
gxf6 15. Nxf6+ Kd8 16. Qg5 h6 17. Qd2 Ke7 18. Ng4 Rg8 19. Ne5 Rg5 20. Nf3 Rg6
21. Bd3 Rxg2 22. Qxh6 Kd8 23. c5 Ba6 24. b5 Bxb5 25. Bxb5 Qa5+ 26. Nd2 Qxb5 27.
Qf8+ Kc7 28. Qf4+ e5 29. Qxe5+ Kb7 0-1

[Event "SR 1. liga zapad 2013/2014"]
[Site "?"]
[Date "2014.03.01"]
[Round "44.2"]
[White "Banas, Kamil"]
[Black "Gasa, Andrej"]
[Result "1-0"]
[WhiteElo "2221"]
[BlackElo "2308"]
[Annotator "rastík"]
[PlyCount "89"]
[EventDate "2013.??.??"]
[WhiteTeam "SK Modra"]
[BlackTeam "SK Osuske"]

1. d4 d5 2. c4 c6 3. cxd5 cxd5 4. Nc3 Nc6 5. Bf4 Nf6 6. e3 a6 7. Rc1 Qb6 8. Qc2
Bg4 9. a3 e6 10. Bd3 Be7 11. f3 Bh5 12. Nge2 Bg6 13. Bxg6 hxg6 14. O-O Nh5 15.
Na4 Qa7 16. Nc5 Rc8 17. Qb3 g5 18. Bg3 Nxg3 19. hxg3 b6 20. Na4 b5 21. Nc5 Na5
22. Qc3 Nc4 23. b3 Nd6 24. Qa5 Rc6 25. Nd3 Nb7 26. Qd2 Nd8 27. Rxc6 Nxc6 28.
Rc1 Nd8 29. Qa5 Bd6 30. Nc5 Bxc5 31. Rxc5 O-O 32. Qc7 Nb7 33. Rc6 Qa8 34. Nc1
Na5 35. Rc3 Qd8 36. Qxd8 Rxd8 37. Nd3 Rd6 38. Rc8+ Kh7 39. Nc5 Kg6 40. Kf2 f6
41. Ke2 Rb6 42. Kd2 g4 43. Kc3 Kf5 44. Ra8 g5 45. Rg8 1-0

[Event "SR 1. liga zapad 2013/2014"]
[Site "?"]
[Date "2014.03.01"]
[Round "44.3"]
[White "Jozefek, Michal"]
[Black "Skara, Vladimir"]
[Result "1-0"]
[WhiteElo "2168"]
[BlackElo "2170"]
[Annotator "rastík"]
[PlyCount "69"]
[EventDate "2013.??.??"]
[WhiteTeam "SK Osuske"]
[BlackTeam "SK Modra"]

1. d4 Nf6 2. c4 c5 3. d5 e6 4. Nc3 exd5 5. cxd5 d6 6. e4 g6 7. f4 Bg7 8. Bb5+
Nfd7 9. a4 O-O 10. Nf3 Na6 11. O-O Nb4 12. h3 a6 13. Bc4 Nb6 14. Bb3 c4 15. Bc2
f5 16. a5 fxe4 17. Ng5 Nxc2 18. Qxc2 Bd4+ 19. Kh2 Qxg5 20. fxg5 Rxf1 21. axb6
e3 22. Ne2 Be5+ 23. Ng3 Re1 24. Qxc4 Bf5 25. Qc7 Rc8 26. Qxb7 e2 27. Bf4 Rxa1
28. Bxe5 Rh1+ 29. Nxh1 dxe5 30. Ng3 e1=Q 31. Nxf5 gxf5 32. Qxc8+ Kg7 33. Qxf5
Qb4 34. Qxe5+ Kf7 35. Qc7+ 1-0

[Event "SR 1. liga zapad 2013/2014"]
[Site "?"]
[Date "2014.03.01"]
[Round "44.4"]
[White "Mydlarik, Martin"]
[Black "Cajka, Tibor"]
[Result "0-1"]
[WhiteElo "2112"]
[BlackElo "2162"]
[Annotator "rastík"]
[PlyCount "86"]
[EventDate "2013.??.??"]
[WhiteTeam "SK Modra"]
[BlackTeam "SK Osuske"]

1. e4 c5 2. Nf3 d6 3. d4 cxd4 4. Nxd4 Nf6 5. Nc3 a6 6. Be2 e5 7. Nf3 h6 8. a4
Be7 9. O-O O-O 10. h3 b6 11. Re1 Bb7 12. Bc4 Qc7 13. Nd5 Nxd5 14. Bxd5 Bxd5 15.
Qxd5 Nd7 16. c3 Nf6 17. Qd3 d5 18. Nd2 Rfd8 19. exd5 Rxd5 20. Qf3 Rad8 21. Nf1
e4 22. Qe2 Rd3 23. Be3 Bc5 24. Red1 Qd7 25. Re1 a5 26. Bxc5 bxc5 27. Qc2 Qf5
28. Rad1 Nh5 29. Ne3 Qg5 30. Rxd3 exd3 31. Qd2 Nf4 32. Kh2 Nxg2 33. Rg1 Nxe3
34. fxe3 Qe5+ 35. Rg3 Rd6 36. Kg2 Qe4+ 37. Kh2 Qxa4 38. c4 Qxc4 39. Qxa5 d2 40.
Qa8+ Kh7 41. Qg2 g5 42. b3 Qd5 43. e4 Qe5 0-1

[Event "SR 1. liga zapad 2013/2014"]
[Site "?"]
[Date "2014.03.01"]
[Round "44.5"]
[White "Bury, Rastislav"]
[Black "Dugovic, Branislav"]
[Result "1/2-1/2"]
[WhiteElo "2120"]
[BlackElo "2175"]
[Annotator "rastík"]
[PlyCount "45"]
[EventDate "2013.??.??"]
[WhiteTeam "SK Osuske"]
[BlackTeam "SK Modra"]

1. d4 Nf6 2. c4 c5 3. Nf3 cxd4 4. Nxd4 b6 5. Nc3 Bb7 6. Qc2 e6 7. e4 d6 8. Be2
Be7 9. Be3 Nbd7 10. O-O a6 11. g4 h5 12. g5 Ng4 13. g6 Bf6 14. gxf7+ Kxf7 15.
Rad1 Bxd4 16. Rxd4 e5 17. Rxd6 Qh4 18. Bxg4 Qxg4+ 19. Kh1 Qf3+ 20. Kg1 Qg4+ 21.
Kh1 Qf3+ 22. Kg1 Qg4+ 23. Kh1 1/2-1/2

[Event "SR 1. liga zapad 2013/2014"]
[Site "?"]
[Date "2014.03.01"]
[Round "44.6"]
[White "Sustak, Roman"]
[Black "Kimerling, Martin"]
[Result "1/2-1/2"]
[WhiteElo "1887"]
[BlackElo "2109"]
[Annotator "rastík"]
[PlyCount "100"]
[EventDate "2013.??.??"]
[WhiteTeam "SK Modra"]
[BlackTeam "SK Osuske"]

1. Nf3 f5 2. g3 Nf6 3. c4 g6 4. Bg2 Bg7 5. O-O O-O 6. d4 d6 7. Nc3 Nc6 8. Bg5
h6 9. Bxf6 Bxf6 10. e4 e5 11. d5 Ne7 12. b4 f4 13. c5 Bg4 14. Qd3 g5 15. Nd2
Ng6 16. Rac1 Be7 17. Rc2 Rf7 18. h3 Bd7 19. c6 bxc6 20. dxc6 Be6 21. Nd5 g4 22.
hxg4 Bxg4 23. Bf3 Bh3 24. Bg2 Be6 25. a4 h5 26. Nf3 Rg7 27. Nh2 Kh8 28. Kh1 h4
29. g4 Bg5 30. Bh3 f3 31. Qxf3 Rf7 32. Qd3 Nf4 33. Nxf4 Rxf4 34. Rd1 Qf6 35. f3
d5 36. exd5 Rd4 37. Qe2 Bxd5 38. Rxd4 exd4 39. Rc5 Rd8 40. Qd3 Be3 41. Rxd5
Rxd5 42. Bf1 Qxc6 43. Qe4 Rd6 44. Qe5+ Kg8 45. b5 Qd7 46. Bc4+ Kf8 47. Qh8+ Ke7
48. Qxh4+ Ke8 49. Qh8+ Ke7 50. Qh4+ Ke8 1/2-1/2

[Event "SR 1. liga zapad 2013/2014"]
[Site "?"]
[Date "2014.03.01"]
[Round "44.7"]
[White "Jablonicky, Martin"]
[Black "Horvath, Marek"]
[Result "1-0"]
[WhiteElo "1967"]
[BlackElo "1811"]
[Annotator "rastík"]
[PlyCount "105"]
[EventDate "2013.??.??"]
[WhiteTeam "SK Osuske"]
[BlackTeam "SK Modra"]

1. Nf3 Nf6 2. d4 d5 3. c4 e6 4. Nc3 Be7 5. g3 O-O 6. Qd3 c5 7. Bg2 cxd4 8. Nxd4
Nc6 9. cxd5 Nb4 10. Qc4 e5 11. Nf3 Nc2+ 12. Kd1 Nxa1 13. Nxe5 Bd6 14. Nd3 Bf5
15. e4 Bg6 16. Bg5 Be7 17. e5 Nxd5 18. Bxd5 Bxg5 19. f4 Rc8 20. Qd4 Be7 21. Kd2
Nb3+ 22. axb3 a5 23. Rf1 Bf5 24. g4 Be6 25. f5 Bxd5 26. Nxd5 Bb4+ 27. N3xb4
axb4 28. f6 Re8 29. Ke3 Rc2 30. h4 Rh2 31. fxg7 Qxh4 32. Nf6+ Kxg7 33. Nxe8+
Kf8 34. Qc5+ Kxe8 35. Qc8+ Qd8 36. Qxd8+ Kxd8 37. Rxf7 Rxb2 38. Rxb7 Rxb3+ 39.
Ke4 Rb1 40. Kf5 b3 41. Ke6 b2 42. g5 Rg1 43. Rxb2 Rxg5 44. Rb8+ Kc7 45. Rf8 h5
46. Kf6 Rg1 47. e6 Rf1+ 48. Ke7 Rg1 49. Rf7 Rg8 50. Rh7 Rg2 51. Kf8+ Kd6 52. e7
Rf2+ 53. Rf7 1-0

[Event "SR 1. liga zapad 2013/2014"]
[Site "?"]
[Date "2014.03.01"]
[Round "44.8"]
[White "Hlubovic, Michal"]
[Black "Jablonicky, Frantisek"]
[Result "1/2-1/2"]
[WhiteElo "1782"]
[BlackElo "2146"]
[Annotator "rastík"]
[PlyCount "56"]
[EventDate "2013.??.??"]
[WhiteTeam "SK Modra"]
[BlackTeam "SK Osuske"]

1. Nf3 f5 2. d3 d5 3. g3 g6 4. Bg2 Bg7 5. O-O Nf6 6. c3 O-O 7. Ne5 Nbd7 8. d4
Nxe5 9. dxe5 Ne4 10. f3 Nc5 11. b4 Ne6 12. f4 c6 13. Be3 b6 14. Nd2 Bb7 15. Nb3
Qd7 16. a4 Rfd8 17. a5 Qc7 18. Qe1 b5 19. Qf2 Ba6 20. Rfd1 Rd7 21. Rd2 Rad8 22.
Rad1 Bc8 23. h3 Re8 24. Bf3 a6 25. h4 h5 26. Kh2 Qb8 27. Bg2 Kh7 28. Rd3 Bf8
1/2-1/2

[Event "SR 1. liga zapad 2013/2014"]
[Site "?"]
[Date "2014.03.01"]
[Round "45.1"]
[White "Farkas, Gabor"]
[Black "Vojtek, Vladimir"]
[Result "1/2-1/2"]
[WhiteElo "2307"]
[BlackElo "2281"]
[PlyCount "71"]
[EventDate "2013.??.??"]
[WhiteTeam "NSK Nitra"]
[BlackTeam "SKS Dubnica n/Vahom B"]

1. d4 d5 2. c4 e6 3. Nf3 c6 4. e3 f5 5. Bd3 Nf6 6. Qc2 Bd6 7. cxd5 cxd5 8. Nc3
Nc6 9. a3 O-O 10. b4 Bd7 11. Nb5 Bb8 12. O-O Be8 13. Bb2 a6 14. Nc3 Bh5 15. Be2
Qd6 16. g3 Ne4 17. Ne5 Bxe2 18. Nxe2 Rc8 19. Rac1 Ba7 20. Nf4 Rc7 21. Qe2 Rac8
22. Nfd3 Nxe5 23. dxe5 Qe7 24. Rxc7 Rxc7 25. Rc1 Rxc1+ 26. Nxc1 Qc7 27. Nb3 Qc4
28. Qh5 g6 29. Qh4 g5 30. Qh6 Qxb3 31. Qxe6+ Kg7 32. Qe7+ Kg6 33. Qe6+ Kg7 34.
Qe7+ Kg6 35. Qe6+ Kg7 36. Qe7+ 1/2-1/2

[Event "SR 1. liga zapad 2013/2014"]
[Site "?"]
[Date "2014.03.01"]
[Round "45.2"]
[White "Bombek, Peter"]
[Black "Debnar, Lubos"]
[Result "1/2-1/2"]
[WhiteElo "2219"]
[BlackElo "2260"]
[PlyCount "135"]
[EventDate "2013.??.??"]
[WhiteTeam "SKS Dubnica n/Vahom B"]
[BlackTeam "NSK Nitra"]

1. d4 Nf6 2. Nf3 e6 3. e3 b6 4. Bd3 Bb7 5. Nbd2 c5 6. b3 Be7 7. O-O O-O 8. Bb2
d6 9. c4 Nbd7 10. Qe2 Re8 11. Rad1 Qc7 12. e4 cxd4 13. Nxd4 a6 14. f4 g6 15.
Kh1 Bf8 16. Bb1 e5 17. fxe5 dxe5 18. Nc2 Bg7 19. Ne3 Rac8 20. Nd5 Nxd5 21. cxd5
b5 22. Rf3 Qb6 23. Rdf1 f6 24. Rg3 Nf8 25. Ba3 Rc7 26. h4 Bc8 27. h5 g5 28. h6
Bh8 29. Bxf8 Rxf8 30. Nf3 Rff7 31. Qd2 Kf8 32. d6 Rc6 33. Nxe5 Rxd6 34. Qc2 Rc7
35. Rc3 Rxc3 36. Qxc3 Be6 37. Qg3 Ke7 38. Nf3 Qd8 39. Bc2 Qf8 40. Qh2 Qc8 41.
e5 Rc6 42. Bxh7 Rc1 43. Rxc1 Qxc1+ 44. Qg1 Qxg1+ 45. Kxg1 Bd5 46. exf6+ Bxf6
47. Bf5 Bxf3 48. gxf3 b4 49. Kf2 Kf7 50. Kg3 a5 51. Kg4 Bd8 52. Bh7 Be7 53. Kf5
Bd8 54. Ke5 Bc7+ 55. Kd5 Bd8 56. Kd6 Bb6 57. Kd7 Bd4 58. Be4 Bf6 59. Kc7 Be7
60. h7 Kg7 61. Kd7 Bf6 62. Kc7 Be7 63. Kd7 Bf6 64. Bd3 Kh8 65. Ke6 Bd8 66. Kf7
Bc7 67. Ke7 Bb6 68. Be4 1/2-1/2

[Event "SR 1. liga zapad 2013/2014"]
[Site "?"]
[Date "2014.03.01"]
[Round "45.3"]
[White "Mokos, Jozef"]
[Black "Veres, Andrej"]
[Result "1/2-1/2"]
[WhiteElo "2258"]
[BlackElo "2161"]
[PlyCount "26"]
[EventDate "2013.??.??"]
[WhiteTeam "NSK Nitra"]
[BlackTeam "SKS Dubnica n/Vahom B"]

1. c4 e6 2. Nc3 d5 3. d4 Nf6 4. cxd5 exd5 5. Bg5 Be7 6. e3 c6 7. Qc2 O-O 8. Bd3
Nbd7 9. Nf3 Re8 10. O-O-O h6 11. Bh4 Ne4 12. Bxe7 Qxe7 13. Rhg1 Nxc3 1/2-1/2

[Event "SR 1. liga zapad 2013/2014"]
[Site "?"]
[Date "2014.03.01"]
[Round "45.4"]
[White "Podoba, Milan"]
[Black "Skreno, Vladimir"]
[Result "0-1"]
[WhiteElo "2132"]
[BlackElo "2195"]
[PlyCount "44"]
[EventDate "2013.??.??"]
[WhiteTeam "SKS Dubnica n/Vahom B"]
[BlackTeam "NSK Nitra"]

1. e4 c5 2. Nf3 Nc6 3. d4 cxd4 4. Nxd4 g6 5. Nc3 Bg7 6. Be3 Nf6 7. Nxc6 bxc6 8.
e5 Nd5 9. Nxd5 cxd5 10. Qxd5 Rb8 11. Bxa7 Rxb2 12. Bd4 Rxc2 13. Bd3 Rc6 14. O-O
Ba6 15. Bxa6 Rxa6 16. Qb7 Ra4 17. Rac1 O-O 18. Rfd1 Rxa2 19. Rc7 d6 20. Rd7 Qc8
21. Qxc8 Rxc8 22. Rxe7 Rd2 0-1

[Event "SR 1. liga zapad 2013/2014"]
[Site "?"]
[Date "2014.03.01"]
[Round "45.5"]
[White "Dlhy, Jozef"]
[Black "Sukuba, Zdeno"]
[Result "1/2-1/2"]
[WhiteElo "2057"]
[BlackElo "2108"]
[PlyCount "36"]
[EventDate "2013.??.??"]
[WhiteTeam "NSK Nitra"]
[BlackTeam "SKS Dubnica n/Vahom B"]

1. d4 Nf6 2. c4 e6 3. Nf3 b6 4. g3 Bb7 5. Bg2 c5 6. O-O Be7 7. d5 exd5 8. Nh4
g6 9. cxd5 d6 10. Nc3 O-O 11. e4 Nfd7 12. Nf3 Bf6 13. Bf4 Ne5 14. Nxe5 dxe5 15.
Bh6 Re8 16. a4 a6 17. Be3 Qd6 18. Qd3 Nd7 1/2-1/2

[Event "SR 1. liga zapad 2013/2014"]
[Site "?"]
[Date "2014.03.01"]
[Round "45.6"]
[White "Orgon, Dusan"]
[Black "Pindes, Robert"]
[Result "1-0"]
[WhiteElo "2089"]
[BlackElo "2031"]
[PlyCount "87"]
[EventDate "2013.??.??"]
[WhiteTeam "SKS Dubnica n/Vahom B"]
[BlackTeam "NSK Nitra"]

1. d4 Nf6 2. Nf3 g6 3. Nc3 d5 4. Bf4 Bg7 5. e3 Nh5 6. Be5 f6 7. Bg3 Nxg3 8.
hxg3 c6 9. Bd3 Be6 10. Rxh7 Kf7 11. Rxh8 Qxh8 12. Qe2 Qh1+ 13. Qf1 Qxf1+ 14.
Kxf1 Nd7 15. Ne2 g5 16. c3 Rh8 17. Kg1 Nb6 18. b3 Nc8 19. Nd2 Bd7 20. f3 e5 21.
e4 exd4 22. cxd4 Bf8 23. Rc1 Bb4 24. Nf1 Bd6 25. exd5 cxd5 26. Ne3 Ne7 27. g4
Rd8 28. Kf2 Rh8 29. Kg1 Rd8 30. g3 Rc8 31. Rxc8 Bxc8 32. Kf2 Bb4 33. Nf5 Nc6
34. Ke3 Bf8 35. Nc3 Be6 36. Nb5 Bxf5 37. Bxf5 a6 38. Nc7 Bd6 39. Nxd5 Bxg3 40.
Bc8 Nd8 41. Ke4 Bf2 42. Ne3 Bg3 43. Nf5 a5 44. Nxg3 1-0

[Event "SR 1. liga zapad 2013/2014"]
[Site "?"]
[Date "2014.03.01"]
[Round "45.7"]
[White "Danko, Dusan"]
[Black "Pupak, Tomas"]
[Result "1-0"]
[WhiteElo "1875"]
[BlackElo "2016"]
[PlyCount "123"]
[EventDate "2013.??.??"]
[WhiteTeam "NSK Nitra"]
[BlackTeam "SKS Dubnica n/Vahom B"]

1. d4 d6 2. c4 e5 3. dxe5 dxe5 4. Qxd8+ Kxd8 5. Bd2 Be6 6. e3 f6 7. Nc3 c6 8.
O-O-O Kc7 9. Be2 Nd7 10. Kb1 Nh6 11. h3 Nf5 12. Rc1 Rd8 13. Nf3 Nc5 14. Rhd1 h5
15. Be1 Rxd1 16. Rxd1 a5 17. Rc1 b6 18. Rd1 Be7 19. e4 Nd6 20. Nd2 g5 21. f3
Bf7 22. Bf2 Ndb7 23. Kc2 Ne6 24. Nb3 Nbc5 25. Nxc5 Bxc5 26. Bxc5 Nxc5 27. b3
Ne6 28. Rd2 Nf4 29. Bf1 Be6 30. Ne2 Ng6 31. a4 g4 32. fxg4 hxg4 33. hxg4 Bxg4
34. g3 Rh1 35. Bg2 Ra1 36. Nc1 b5 37. Kb2 Rxc1 38. Kxc1 bxc4 39. bxc4 Kb6 40.
Rf2 Kc5 41. Rxf6 Ne7 42. Rf7 Kd6 43. Rg7 Be2 44. c5+ Ke6 45. Kd2 Bc4 46. Kc3
Be2 47. Rh7 Bd1 48. Bh3+ Kf6 49. Rh6+ Kf7 50. Be6+ Kg7 51. Rh1 Bxa4 52. Ra1 Bb5
53. Rxa5 Be2 54. g4 Kf6 55. Bf5 Ng8 56. Ra2 Bb5 57. Rb2 Ba6 58. g5+ Kf7 59. Rb6
Bb5 60. Rxb5 cxb5 61. Kb4 Ne7 62. Kxb5 1-0

[Event "SR 1. liga zapad 2013/2014"]
[Site "?"]
[Date "2014.03.01"]
[Round "46.1"]
[White "Gazik, Igor"]
[Black "Motuz, Karol"]
[Result "1/2-1/2"]
[WhiteElo "2321"]
[BlackElo "2305"]
[PlyCount "84"]
[EventDate "2013.??.??"]
[WhiteTeam "SK Prievidza"]
[BlackTeam "SKS Povazska Bystrica"]

1. e4 c5 2. Nf3 d6 3. d4 cxd4 4. Nxd4 Nf6 5. Nc3 Nc6 6. Bg5 Bd7 7. Qd2 Rc8 8.
O-O-O Nxd4 9. Qxd4 Qa5 10. Bxf6 gxf6 11. f4 h5 12. Kb1 h4 13. Be2 Qc5 14. Qd3
a6 15. Bf3 Bh6 16. g3 Bg7 17. Rhe1 Kf8 18. Nd5 hxg3 19. hxg3 Rh2 20. Ne3 Rf2
21. Be2 Bb5 22. c4 Bd7 23. Rc1 f5 24. e5 Be6 25. Nxf5 Bxf5 26. Qxf5 dxe5 27.
Rcd1 e6 28. Qh5 exf4 29. Rd8+ Ke7 30. Rxc8 Qxc8 31. gxf4 Bf6 32. Rf1 Rxf1+ 33.
Bxf1 Qc7 34. Qf3 Qb6 35. Qe2 Kd6 36. a3 Qd4 37. Bg2 b6 38. Be4 a5 39. f5 exf5
40. Bxf5 Kc5 41. Bd3 Be5 42. Qc2 a4 1/2-1/2

[Event "SR 1. liga zapad 2013/2014"]
[Site "?"]
[Date "2014.03.01"]
[Round "46.3"]
[White "Gazik, Viktor"]
[Black "Chovanec, Milan"]
[Result "1-0"]
[WhiteElo "2166"]
[BlackElo "2147"]
[PlyCount "115"]
[EventDate "2013.??.??"]
[WhiteTeam "SK Prievidza"]
[BlackTeam "SKS Povazska Bystrica"]

1. e4 e5 2. f4 d5 3. exd5 exf4 4. Bc4 Nf6 5. Nc3 Bd6 6. Qe2+ Qe7 7. d3 Bg4 8.
Qxe7+ Kxe7 9. h3 Bh5 10. Nb5 Re8 11. Kf2 g5 12. Nf3 Bxf3 13. Kxf3 Nbd7 14. d4
Nb6 15. Be2 a6 16. Nxd6 cxd6 17. c4 Rac8 18. b3 Nbxd5 19. Bd3 Nb4 20. Bf5 Nc6
21. Rd1 Rcd8 22. g3 h5 23. gxf4 g4+ 24. hxg4 hxg4+ 25. Bxg4 Nxg4 26. Kxg4 Rh8
27. d5 Rdg8+ 28. Kf3 Nb4 29. Bd2 Nd3 30. Be3 Rh3+ 31. Ke4 Nc5+ 32. Bxc5 dxc5
33. Rh1 Rxh1 34. Rxh1 Rg2 35. Rh8 b5 36. cxb5 axb5 37. Rc8 Re2+ 38. Kd3 Rxa2
39. Rxc5 b4 40. Kc4 Rf2 41. Rc7+ Ke8 42. Kxb4 Rxf4+ 43. Kc5 Rf1 44. b4 f5 45.
b5 Rc1+ 46. Kd6 Rb1 47. Ke6 Kd8 48. d6 f4 49. b6 Rxb6 50. Rh7 Kc8 51. Rh8+ Kb7
52. Ke7 Kc6 53. Rf8 Kd5 54. d7 Re6+ 55. Kd8 Ke5 56. Kc7 Rd6 57. Rf5+ Ke6 58.
Rf6+ 1-0